000 00274nam a22001217a 4500
003 SGT
082 _a658
_bKIM
100 _aKIMBALL, DAVID C.
245 _aENTREPRENEURSHIP SKILLS FOR NEW VENTURES
260 _aLONDON
_bROUTLEDGE
_c2021
300 _a449
942 _2ddc
_cBK
999 _c23655
_d23655